| 000 | 00409nam a2200157Ia 4500 | ||
|---|---|---|---|
| 008 | 230312s9999||||xx |||||||||||||| ||und|| | ||
| 020 | _a81-775-8409-7 | ||
| 082 |
_a621.38153 _bMAN-D |
||
| 100 | _aMano;M.Morris | ||
| 245 | 0 | _aDigital Logic and Computer Design | |
| 260 |
_bPearson _aIndia _c2011 |
||
| 300 | _a612 | ||
| 546 | _aEng. | ||
| 650 |
_aEngineering _vDigital Logic and Computer Design |
||
| 942 | _cBK | ||
| 999 |
_c7564 _d7564 |
||